Una seria proposta alle signore (1696) /

Uloženo v:
Podrobná bibliografie
Hlavní autoři: Astell, Mary (Autor), Defoe, Daniel (Autor)
Další autoři: Loretelli, Rosamaria
Médium: Kniha
Jazyk:italština
Vydáno: Roma : Lestoille, [1982]
Edice:Le parole
Tagy: Přidat tag
Žádné tagy, Buďte první, kdo vytvoří štítek k tomuto záznamu!

MARC

LEADER 00000nam a22000007i 4500
001 IT\ICCU\MIL\0321927
003 ItRI
005 20260115232242.0
008 970404s1982 it |||||| ||||| |||||c
040 |b ita  |c importazione bologna sebina 
041 7 |a ita  |2 ISO-639-2 
100 1 |a Astell, Mary  |0 IT\ICCU\IEIV\040894  |4 aut 
240 1 3 |a An accademy for Women  |3 IT\ICCU\LIG\0135797  |9 Defoe, Daniel 
240 1 2 |a A serious proposal to the ladies.  |3 IT\ICCU\UFE\0808278  |9 Astell, Mary 
245 1 4 |a Una seria proposta alle signore (1696) /  |c Mary Astell. Un'accademia per donne (1697) / Daniel Defoe ; a cura di Rosamaria Loretelli. 
260 |a Roma :  |b Lestoille,  |c [1982] 
300 |a 93 p. ;  |c 20 cm. 
700 1 |a Defoe, Daniel  |0 IT\ICCU\CFIV\000419  |4 aut 
700 1 |a Loretelli, Rosamaria  |0 IT\ICCU\VIAV\091431 
777 1 |w IT\ICCU\MIL\0321931  |t Un'accademia per donne.  |a Defoe, Daniel  |0 IT\ICCU\CFIV\000419 
790 1 |a De Foe, Daniel  |3 IT\ICCU\CFIV\008943  |z Defoe, Daniel 
790 1 |a Di Foe, Daniele  |3 IT\ICCU\CFIV\287633  |z Defoe, Daniel 
790 1 |a Johnson, Charles  |c  (captain)  |3 IT\ICCU\UBOV\776117  |z Defoe, Daniel 
830 3 |a Le parole  |0 IT\ICCU\MIL\0268697 
942 |2 ddc  |c BK  |n 0 
952 |0 0  |1 0  |4 0  |6 DOC_823_400000000000000_AST  |7 0  |9 22944  |a BO  |b BO  |d 2026-01-15  |i 5741  |l 0  |o DOC 823.4 AST  |p BO5741  |r 2026-01-15 23:22:42  |w 2026-01-15  |x [Sebina 5] [1 v.]  |y BK  |z 1 v. 
999 |c 19581  |d 19581